| 000 | 00000nam##2200000za#4500 |
| 001 | 9.700462 |
| 003 | CaOODSP |
| 005 | 20250506145324 |
| 007 | cr ||||||||||| |
| 008 | 150407|1978||||xxc|||||o f|0| 0 eng|d |
| 040 | |aCaOODSP|beng |
| 043 | |an-cn--- |
| 086 | 1 |aA53-1461/1978E-PDF |
| 110 | 1 |aCanada.|bAgriculture Canada. |
| 245 | 10|aSnow and wind control for farmstead and feedlot / |h[electronic resource]|c[by] Dennis E. Darby. |
| 250 | |aRev. 1978, reprinted 1981 |
| 260 | |aOttawa - Ontario : |bAgriculture Canada |c1978. |
| 300 | |a24p. |
| 500 | |aContents: Protecting stored products.--Detecting problems.--Identifying the organisms.--Controlling infestations.--Further information.--Common and scientific names of major pests in stored grain.--References.--Additional reading.--Appendix. |
| 500 | |aHistorical publication digitized by Agriculture and Agri-Food Canada. |
| 590 | |a15-05-Supp|b2015-03-31 |
| 775 | 08|tProtection contre neiges et vents à la ferme et au parc / |w(CaOODSP)9.644347 |
| 856 | 40|ahttp://publications.gc.ca|qPDF|s1217 KB|uhttps://publications.gc.ca/collections/collection_2015/aac-aafc/A53-1461-1978-eng.pdf |
| 986 | |aPublication 1461 |